LEADER 00890nam0-22003251i-450 001 990003255400403321 005 20201214123014.0 035 $a000325540 035 $aFED01000325540 035 $a(Aleph)000325540FED01 035 $a000325540 100 $a20030910d1975----km-y0itay50------ba 101 0 $aita 102 $aIT 105 $ay-------001yy 200 1 $aGeografia della popolazione$fMario Ortolani 210 $aMilano$cSocietà Editrice Libraria$d1975 215 $a225 p.$d25,5 cm 610 0 $aDinamiche della popolazione 676 $a040.007 700 1$aOrtolani,$bMario$f<1909-1998>$034139 801 0$aIT$bUNINA$gRICA$2UNIMARC 901 $aBK 912 $a990003255400403321 952 $a040.007.ORT$b1567$fDECGE 952 $aISVE R1-R4.32$fDECTS 959 $aDECTS 959 $aDECGE 996 $aGeografia della popolazione$9449883 997 $aUNINA LEADER 03208nam 2200697 450 001 9910309744303321 005 20200520144314.0 010 $a1-5015-0004-X 010 $a1-5015-0000-7 024 7 $a10.1515/9781501500008 035 $a(CKB)3710000000323317 035 $a(EBL)1759910 035 $a(SSID)ssj0001435123 035 $a(PQKBManifestationID)11919452 035 $a(PQKBTitleCode)TC0001435123 035 $a(PQKBWorkID)11447179 035 $a(PQKB)10978046 035 $a(DE-B1597)444150 035 $a(OCoLC)979968892 035 $a(DE-B1597)9781501500008 035 $a(Au-PeEL)EBL1759910 035 $a(CaPaEBR)ebr11006288 035 $a(CaONFJC)MIL807351 035 $a(OCoLC)898770012 035 $a(MiAaPQ)EBC1759910 035 $a(EXLCZ)993710000000323317 100 $a20150127h20142014 uy| 0 101 0 $aeng 135 $aur|nu---uu|uu 181 $ctxt 182 $cc 183 $acr 200 10$aOn relativization and clefting $ean analysis of Italian sign language /$fby Chiara Branchini 210 1$aBoston :$cDe Gruyter Mouton,$d[2014] 210 4$d©2014 215 $a1 online resource (364 p.) 225 1 $aSign languages and deaf communities,$x2192-516X ;$v5 300 $aDescription based upon print version of record. 311 $a1-5015-1037-1 320 $aIncludes bibliographical references and index. 327 $tFront matter --$tAcknowledgements --$tContents --$tList of figures --$tNotational conventions --$tSign language acronyms --$tGeneral Introduction --$tPart I: Introducing Italian Sign Language (LIS) --$t1. Italian Sign Language and the Italian Deaf community --$t2. A syntactic outline of Italian Sign Language (LIS) --$tPart II: On Relativization --$t3. Relativization strategies in spoken languages --$t4. Relative clauses in sign languages: A typological survey --$t5. Some methodological issues --$t6. An internally headed relative clause analysis for LIS relative structures --$tPart III: On Clefting --$t7. Clefting in spoken languages --$t8. An analysis of LIS cleft constructions --$tConclusions --$tNotes --$tReferences --$tIndex 330 $aThis work is a contribution to our understanding of relativization strategies and clefting in Italian Sign Language, and more broadly, to our understanding of these constructions in world languages by setting the discussion on the theories that have been proposed in the literature of spoken languages to derive the syntactic phenomena object of investigation. 410 0$aSign languages and deaf communities ;$v5. 606 $aSign language 606 $aDeaf$xMeans of communication$zItaly 606 $aItalian language$xRelative clauses 610 $aCleft Constructions. 610 $aItalian Sign Language. 610 $aRelative Clauses. 615 0$aSign language. 615 0$aDeaf$xMeans of communication 615 0$aItalian language$xRelative clauses. 676 $a419.45 700 $aBranchini$b Chiara$0868172 801 0$bMiAaPQ 801 1$bMiAaPQ 801 2$bMiAaPQ 906 $aBOOK 912 $a9910309744303321 996 $aOn relativization and clefting$91938054 997 $aUNINA LEADER 01646oam 2200505M 450 001 9910715852103321 005 20191123063210.9 035 $a(CKB)5470000002515564 035 $a(OCoLC)1065800639 035 $a(OCoLC)995470000002515564 035 $a(EXLCZ)995470000002515564 100 $a20070221d1858 ua 0 101 0 $aeng 135 $aurcn||||||||| 181 $ctxt$2rdacontent 182 $cc$2rdamedia 183 $acr$2rdacarrier 200 10$aBenjamin E. Edwards. (To accompany Bill S. 186.) May 29, 1858 210 1$a[Washington, D.C.] :$c[publisher not identified],$d1858. 215 $a1 online resource (4 pages) 225 1 $aHouse report / 35th Congress, 1st session. House ;$vno. 460 225 1 $a[United States congressional serial set ] ;$v[serial no. 968] 300 $aBatch processed record: Metadata reviewed, not verified. Some fields updated by batch processes. 300 $aFDLP item number not assigned. 517 $aBenjamin E. Edwards. 606 $aBoundaries, State 606 $aJurisdiction 606 $aLand tenure 606 $aLand grants 606 $aLand titles 608 $aLegislative materials.$2lcgft 615 0$aBoundaries, State. 615 0$aJurisdiction. 615 0$aLand tenure. 615 0$aLand grants. 615 0$aLand titles. 701 $aSandidge$b John Milton$f1817-1890$pDemocrat (LA)$01399701 801 0$bWYU 801 1$bWYU 801 2$bOCLCO 801 2$bOCLCQ 906 $aBOOK 912 $a9910715852103321 996 $aBenjamin E. Edwards. (To accompany Bill S. 186.) May 29, 1858$93483320 997 $aUNINA